00229nam a2200097Ia 4500008004100000100001600041245004500057260000800102260000900110546001200119170619s9999 xx 000 0 und d aRajgopal K. 0aTextbook of Engineering Physics (Part-I) bPHI c2008 aENGLISH